000 00602nam a2200241Ia 4500
005 20260430150206.0
008 008 250103s9999 xx 000 0 eng d
037 _aTheses
040 _aCRL
040 _beng
040 _ceng
041 _2eng
041 _aeng
084 _qCRL
100 _aAnsari Huma Au.; Gupta Latika Gu.
_91236745
245 0 _aUnderstanding the idea of a good teacher
260 _c2022
300 _a194p.
650 _aEducation
700 _aUniversity of Delhi. Faculty of Education. Department of Education
942 _cTH
999 _c1849177
_d1849177